US Vice-Presidents by photo - Statistics

General Stats
  • This quiz has been taken 138 times
    129 since last reset
  • The average score is 36 of 49
Answer Stats
Picture Hint Answer % Correct
George Washington John Adams
100%
John Adams Thomas Jefferson
100%
Thomas Jefferson Aaron Burr
89%
Warren G. Harding Calvin Coolidge
89%
William McKinley Theodore Roosevelt
89%
Abraham Lincoln Andrew Johnson
86%
James A. Garfield Chester A. Arthur
86%
Franklin D. Roosevelt Harry S. Truman
86%
Andrew Jackson Martin Van Buren
86%
Jefferson/Madison George Clinton
83%
Richard Nixon Gerald Ford
83%
William Henry Harrison John Tyler
83%
Dwight D. Eisenhower Richard Nixon
83%
Ronald Reagan George H. W. Bush
81%
John F. Kennedy Lyndon B. Johnson
81%
Zachary Taylor Millard Fillmore
81%
Richard Nixon Spiro Agnew
81%
Bill Clinton Al Gore
78%
Jimmy Carter Walter Mondale
78%
George W. Bush Dick Cheney
75%
Barack Obama Joe Biden
75%
Quincy Adams/Jackson John C. Calhoun
75%
Gerald Ford Nelson Rockefeller
75%
George H. W. Bush Dan Quayle
72%
Joe Biden Kamala Harris
72%
Donald Trump Mike Pence
72%
Ulysses S. Grant Schuyler Colfax
72%
Grover Cleveland Adlai Stevenson
69%
James Madison Elbridge Gerry
69%
Abraham Lincoln Hannibal Hamlin
69%
Franklin D. Roosevelt Henry A. Wallace
69%
Lyndon B. Johnson Hubert Humphrey
69%
Franklin D. Roosevelt John Nance Garner
69%
James Monroe Daniel D. Tompkins
67%
Herbert Hoover Charles Curtis
64%
James Buchanan John C. Breckinridge
64%
Woodrow Wilson Thomas Marshall
64%
Calvin Coolidge Charles G. Dawes
61%
Theodore Roosevelt Charles W. Fairbanks
61%
James K. Polk George M. Dallas
61%
Martin Van Buren Richard Mentor Johnson
61%
Franklin Pierce William R. King
61%
Benjamin Harrison Levi P. Morton
58%
Harry S. Truman Alben W. Barkley
56%
William McKinley Garret Hobart
56%
William Howard Taft James S. Sherman
56%
Rutherford B. Hayes William A. Wheeler
56%
Ulysses S. Grant Henry Wilson
53%
Grover Cleveland Thomas A. Hendricks
53%
No matching quizzes found
Score Distribution
Percent of People with Each Score
Percentile by Number Answered
Your Score History
You have not taken this quiz since the last reset